<?xml version="1.0" encoding="UTF-8"?>
<record
    xmlns:xsi="http://www.w3.org/2001/XMLSchema-instance"
    xsi:schemaLocation="http://www.loc.gov/MARC21/slim http://www.loc.gov/standards/marcxml/schema/MARC21slim.xsd"
    xmlns="http://www.loc.gov/MARC21/slim">

  <leader>01196nam a2200289 i 4500</leader>
  <controlfield tag="001">150752</controlfield>
  <controlfield tag="003">ES-MaACL</controlfield>
  <controlfield tag="005">20260112144021.0</controlfield>
  <controlfield tag="007">t|</controlfield>
  <controlfield tag="008">071108s1922    sp ac        |||| |dspa d</controlfield>
  <datafield tag="100" ind1="1" ind2=" ">
    <subfield code="a">Est&#xE9;vez-Ortega, Enrique.</subfield>
    <subfield code="9">48167</subfield>
  </datafield>
  <datafield tag="245" ind1="1" ind2="3">
    <subfield code="a">El alma de Galicia / </subfield>
    <subfield code="c">E. Est&#xE9;vez Ortega ; pr&#xF3;logo de El Caballero Audaz ; ilustraciones de Bujados, Castelao, Fresno, Jaime, Juan Luis, Muguruza, Ribas, Sirio, Sotomayor y Zas.</subfield>
  </datafield>
  <datafield tag="260" ind1=" " ind2=" ">
    <subfield code="a">Madrid : </subfield>
    <subfield code="b">Mundo Latino, </subfield>
    <subfield code="c">1922?] (</subfield>
    <subfield code="f">Imp. G. Hern&#xE1;ndez y Galo S&#xE1;ez)</subfield>
  </datafield>
  <datafield tag="300" ind1=" " ind2=" ">
    <subfield code="a">315 p. : </subfield>
    <subfield code="b">il., retr. ; </subfield>
    <subfield code="c">19 cm.</subfield>
  </datafield>
  <datafield tag="594" ind1=" " ind2=" ">
    <subfield code="a">El Caballero Audaz: seud&#xF3;nimo de Jos&#xE9; Mar&#xED;a Carretero.</subfield>
  </datafield>
  <datafield tag="599" ind1=" " ind2=" ">
    <subfield code="a">Las il. son caricaturas de los 25 personajes gallegos tratados en la obra.</subfield>
  </datafield>
  <datafield tag="650" ind1=" " ind2="4">
    <subfield code="a">Gallegos-</subfield>
    <subfield code="v">Biograf&#xED;as.</subfield>
    <subfield code="9">136160</subfield>
  </datafield>
  <datafield tag="700" ind1="1" ind2=" ">
    <subfield code="a">El Caballero Audaz.</subfield>
    <subfield code="9">33095</subfield>
  </datafield>
  <datafield tag="700" ind1="1" ind2=" ">
    <subfield code="a">Bujados, Manuel (</subfield>
    <subfield code="d">1889-1954)</subfield>
    <subfield code="9">166873</subfield>
  </datafield>
  <datafield tag="700" ind1="1" ind2=" ">
    <subfield code="a">Castelao, </subfield>
    <subfield code="d">1886-1950</subfield>
    <subfield code="9">36475</subfield>
  </datafield>
  <datafield tag="700" ind1="0" ind2=" ">
    <subfield code="a">Fresno, </subfield>
    <subfield code="d">1881-1949</subfield>
    <subfield code="9">169727</subfield>
  </datafield>
  <datafield tag="700" ind1="1" ind2=" ">
    <subfield code="a">Ribas, Federico, </subfield>
    <subfield code="d">1890-1952</subfield>
    <subfield code="9">166875</subfield>
  </datafield>
  <datafield tag="700" ind1="1" ind2=" ">
    <subfield code="a">Sirio, Alejandro.</subfield>
    <subfield code="9">106679</subfield>
  </datafield>
  <datafield tag="700" ind1="1" ind2=" ">
    <subfield code="a">Alvarez de Sotomayor, Fernando.</subfield>
    <subfield code="9">20775</subfield>
  </datafield>
  <datafield tag="852" ind1=" " ind2=" ">
    <subfield code="a">ES-MaACL</subfield>
    <subfield code="j">F-10718</subfield>
  </datafield>
  <datafield tag="999" ind1=" " ind2=" ">
    <subfield code="c">150752</subfield>
    <subfield code="d">150752</subfield>
  </datafield>
  <datafield tag="952" ind1=" " ind2=" ">
    <subfield code="0">0</subfield>
    <subfield code="1">0</subfield>
    <subfield code="4">0</subfield>
    <subfield code="7">0</subfield>
    <subfield code="a">ATENEOM</subfield>
    <subfield code="b">ATENEOM</subfield>
    <subfield code="c">SPP2</subfield>
    <subfield code="d">2008-01-17</subfield>
    <subfield code="e">SC</subfield>
    <subfield code="l">0</subfield>
    <subfield code="o">F-10718</subfield>
    <subfield code="p">1157301</subfield>
    <subfield code="r">2023-02-23 00:00:00</subfield>
    <subfield code="w">2023-02-23</subfield>
    <subfield code="y">MONOGRAFIA</subfield>
  </datafield>
</record>
